The eye of the beholder /

Bibliographic Details
Main Author: Bertelsmann, Heinz, 1908-
Other Authors: Bertelsmann, Elizabeth, 1909-
Format: Book
Language:English
Published: New York : Hudson Hills Press, [1981]
Edition:1st ed.
Subjects:

MARC

Tag First Indicator Second Indicator Subfields
LEADER 00000cam a22000008a 4500
001 in00000074765
005 20151008054755.0
008 810610s1981 nyua 00010 eng
010 |a  81006396  
020 |a 0933920202 :  |c $30.00 
035 |a (OCoLC)07575471 
035 |9 AAJ1638AM 
039 0 |a 2  |b 3  |c 3  |d 3  |e 3 
040 |a DLC  |c DLC  |d TXA  |d UtOrBLW 
049 |a TXAM  |c [1560970] 
050 0 0 |a TR654  |b .B475 
082 0 |a 779/.092/2  |2 19 
100 1 |a Bertelsmann, Heinz,  |d 1908- 
245 1 4 |a The eye of the beholder /  |c by Heinz & Elizabeth Bertelsmann ; introduction by John Canaday. 
250 |a 1st ed. 
263 |a 8110 
264 1 |a New York :  |b Hudson Hills Press,  |c [1981] 
264 4 |c ©1981 
300 |a 128 pages :  |b illustrations ;  |c 26 x 27 cm. 
336 |a text  |b txt  |2 rdacontent 
337 |a unmediated  |b n  |2 rdamedia 
338 |a volume  |b nc  |2 rdacarrier 
600 1 0 |a Bertelsmann, Heinz,  |d 1908- 
600 1 0 |a Bertelsmann, Elizabeth,  |d 1909- 
650 0 |a Photography, Artistic. 
700 1 |a Bertelsmann, Elizabeth,  |d 1909- 
999 |a MARS 
999 f f |s df631376-9273-3979-b79f-c75a6fea4f28  |i 08e5f15f-c1b6-39a1-a532-aed44d0e4a58  |t 0 
952 f f |p ric  |a Texas A&M University  |b Rellis Campus  |c Joint Library Facility  |d Remote Storage  |t 0  |e TR654 .B475  |h Library of Congress classification  |i unmediated -- volume  |m A14806258323 
998 f f |a TR654 .B475  |t 0  |l Remote Storage